| 000 | 00491nam a2200181Ia 4500 | ||
|---|---|---|---|
| 001 | 25226 | ||
| 005 | 20260414151136.0 | ||
| 008 | 260414t2018||||xx |||||||||||||| ||spa|| | ||
| 041 | _aESP | ||
| 082 |
_a346.4 _bT11 |
||
| 100 |
_aTaboada Trujillo, Dayly Geraldine _eAUT |
||
| 245 | 0 |
_aLa propiedad : _blos procesos judiciales en la jurisprudencia de la Corte Suprema |
|
| 260 | _c2018 | ||
| 300 |
_a382 páginas : _c25 cm. |
||
| 650 | _aDER | ||
| 654 | _aCDE | ||
| 942 |
_cLIB _dJUS _fJUS _2ddc _n |
||
| 999 |
_c25226 _d25226 |
||